| 000 | 00992cam a2200313 a 4500 | ||
|---|---|---|---|
| 001 | 000004084 | ||
| 003 | DO-SdBNP | ||
| 005 | 20220719101317.0 | ||
| 007 | ta | ||
| 008 | 930618e1994 ag r 000 fdeng d | ||
| 020 | _a9500812770 | ||
| 040 |
_aDO-SdBNP _bspa _cBNPHU |
||
| 041 | 1 | 7 | _aspa |
| 082 | 4 |
_222 _a813.52 _bM478b |
|
| 100 | 1 |
_aMcBain, Ed, _d1926-2005. _912167 _q(Evan Hunter) |
|
| 240 | 1 | 0 | _aKiss. |
| 245 | 1 | 0 |
_aBésame / _cEd McBain ; traducción de Julio Llinás. |
| 260 |
_aBuenos Aires, Argentina : _bAtlántida, _c1994. |
||
| 300 |
_a314 p. ; _c22 cm. |
||
| 500 | _aIncluye datos biográficos del autor en la solapa de la contracubierta | ||
| 534 |
_pTítulo origina l: _tKiss |
||
| 590 | _aInventariado 2022 / MF | ||
| 650 | 4 |
_aNovela policíaca. _912168 |
|
| 650 | 4 |
_aLiteratura estadounidense _ySiglo XX _vNovela policíaca _910902 |
|
| 650 | 4 |
_aNovela estadounidense _ySiglo XX. _96873 |
|
| 700 | 1 |
_aLliná, Julio, _etrad. _912169 |
|
| 910 | _aV/M | ||
| 942 |
_2ddc _cLBS1 |
||
| 999 |
_c3902 _d3902 |
||